000 00591nam a2200181 i 4500
001 44420
003 ES-MaACL
005 20230906161027.0
007 t|
008 030321s1930 sp f |||| | spa d
100 1 _aClemenceau, Georges.
_939169
245 1 0 _aGrandezas y miserias de una victoria /
_cGeorges Clemenceau ; versión española por Ignacio López Valencia.
260 _aMadrid :
_b[s.n.,
_c1930] (
_fJ. Pueyo)
300 _a254 p., 2 lám. ;
_c21 cm.
650 0 4 _aGuerra mundial, 1914-1918.
_913212
700 1 _aLópez Valencia, Ignacio.
_974013
852 _aES-MaACL
_jB-3991
999 _c44420
_d44420